Selección de fuentes documentales para el estudio de la fotografía militar en España / (Record no. 186870)

MARC details
000 -LEADER
campo de control de longitud fija 01150nam a2200289 i 4500
001 - NÚMERO DE CONTROL
campo de control 186870
003 - IDENTIFICADOR DE NÚMERO DE CONTROL
campo de control SpMaBN
005 - FECHA Y HORA DE LA ÚLTIMA TRANSACCIÓN
campo de control 20250802231947.0
008 - DATOS DE LONGITUD FIJA--INFORMACIÓN GENERAL
campo de control de longitud fija 170223s2005 sp b |||| | spa d
040 ## - FUENTE DE CATALOGACIÓN
Centro/agencia transcriptor SpMaBN
080 ## - NÚMERO DE LA CLASIFICACIÓN DECIMAL UNIVERSAL
Número de la Clasificación Decimal Universal 77.034:355.01(093)
080 ## - NÚMERO DE LA CLASIFICACIÓN DECIMAL UNIVERSAL
Número de la Clasificación Decimal Universal 016:77
245 00 - MENCIÓN DEL TÍTULO
Título Selección de fuentes documentales para el estudio de la fotografía militar en España /
Mención de responsabilidad, etc. [presentación, Elena Martínez Oyarzábal ; elaboración y diseño, Unidad de Estudios, Subdirección General de Documentación y Publicaciones].
260 ## - PUBLICACIÓN, DISTRIBUCIÓN, ETC.
Lugar de publicación, distribución, etc. [Madrid] :
Nombre del editor, distribuidor, etc. Ministerio de Defensa, Secretaría General Técnica,
Fecha de publicación, distribución, etc. 2005.
300 ## - DESCRIPCIÓN FÍSICA
Extensión 41 páginas ;
Dimensiones 21 x 17 cm.
490 1# - MENCIÓN DE SERIE
Mención de serie Publicaciones de Defensa
500 ## - NOTA GENERAL
Nota general Índices.
650 #7 - PUNTO DE ACCESO ADICIONAL DE MATERIA--TÉRMINO DE MATERIA
Término de materia o nombre geográfico como elemento de entrada Fotografía militar-
Subdivisión de forma Bibliografías.
9 (RLIN) 161864
650 #0 - PUNTO DE ACCESO ADICIONAL DE MATERIA--TÉRMINO DE MATERIA
Término de materia o nombre geográfico como elemento de entrada Fotografía-
Subdivisión de forma Bibliografías
9 (RLIN) 235520
700 1# - ENTRADA AGREGADA--NOMBRE PERSONAL
Nombre de persona Martínez Oyarzábal, Elena.
9 (RLIN) 144234
Término indicativo de función/relación Autor de introducción
710 1# - ENTRADA AGREGADA--NOMBRE DE ENTIDAD CORPORATIVA
Nombre de entidad corporativa o nombre de jurisdicción como elemento de entrada España.
Unidad subordinada Ministerio de Defensa
Término indicativo de función/relación Editor
9 (RLIN) 3853
830 0# - PUNTO DE ACCESO ADICIONAL DE SERIE-TÍTULO UNIFORME
Título uniforme Publicaciones de Defensa
9 (RLIN) 192643
852 ## - LOCALIZACIÓN
Ubicación ES-MaACL
Ubicación en estantería Depósito folletos
Número de control de estantería 2335-F-15
942 ## - ELEMENTOS DE ENTRADA SECUNDARIOS (KOHA)
Tipo de ítem Koha Folleto
Suprimir en OPAC No
Holdings
Estatus retirado Estado de pérdida Estado de daño No para préstamo Colección Biblioteca de origen Biblioteca actual Ubicación en estantería Fecha de adquisición Fuente de adquisición Total de préstamos Signatura topográfica completa Código de barras Visto por última vez Precio de reemplazo Tipo de ítem Koha
        Colección de folletos Biblioteca del Ateneo de Madrid Biblioteca del Ateneo de Madrid Depósito folletos 23/02/2017     2335-F-15 1197110 23/02/2023 23/02/2023 Folleto